LIBRARY & INFORMATION CENTRE, KCAET, TAVANUR

ONLINE PUBLIC ACCESS CATALOGUE (OPAC)

Design flood estimation of Pazhassi Barrage for effective management of floods / (Record no. 18067)

MARC details
000 -LEADER
fixed length control field 00492nam a22001697a 4500
003 - CONTROL NUMBER IDENTIFIER
control field OSt
082 ## - DEWEY DECIMAL CLASSIFICATION NUMBER
Classification number 631.587
Item number RUK/DE
088 ## - REPORT NUMBER
Report number T 599
100 ## - MAIN ENTRY--AUTHOR NAME
Personal name Rukmini, R
245 ## - TITLE STATEMENT
Title Design flood estimation of Pazhassi Barrage for effective management of floods /
260 ## - PUBLICATION, DISTRIBUTION, ETC. (IMPRINT)
Name of publisher Department of Irrigation and Drainage Engineering
Year of publication 2023
300 ## - PHYSICAL DESCRIPTION
Number of Pages 141p.
650 ## - SUBJECT ADDED ENTRY--TOPICAL TERM
Topical Term Design flood estimation
650 ## - SUBJECT ADDED ENTRY--TOPICAL TERM
Topical Term Flood management
700 ## - ADDED ENTRY--PERSONAL NAME
Personal name Rema K.P (Guide)
942 ## - ADDED ENTRY ELEMENTS (KOHA)
Koha item type Theses
Holdings
Collection code Home library Current library Full call number Accession Number Koha item type Public note
Reference KAUAET KAUAET 631.587 RUK/DE T 599 Theses M.Tech Thesis
free website counter